Panorama de la societe 2009 : (Record no. 111867)
[ view plain ]
| 000 -LEADER | |
|---|---|
| campo de control de longitud fija | 01086cam a2200301Li 4500 |
| 001 - NÚMERO DE CONTROL | |
| campo de control | 92662 |
| 005 - FECHA Y HORA DE LA ÚLTIMA TRANSACCIÓN | |
| campo de control | 20230411090050.0 |
| 008 - DATOS DE LONGITUD FIJA--INFORMACIÓN GENERAL | |
| campo de control de longitud fija | 090708s2009 fr f 000 0 fre d |
| 035 ## - NÚMERO DE CONTROL DEL SISTEMA | |
| Número de control de sistema | (OCoLC)ocn470608485 |
| 040 ## - FUENTE DE CATALOGACIÓN | |
| Centro catalogador/agencia de origen | BDF |
| Lengua de catalogación | fre |
| Centro/agencia transcriptor | BDF |
| 016 7# - NÚMERO DE CONTROL DE UNA AGENCIA BIBLIOGRÁFICA NACIONAL | |
| Número de control del registro | FRBNF420161220000001 |
| Fuente | FrPBN |
| 020 ## - NÚMERO INTERNACIONAL ESTÁNDAR DEL LIBRO | |
| Número Internacional Estándar del Libro | 9789264056930 (br) |
| 020 ## - NÚMERO INTERNACIONAL ESTÁNDAR DEL LIBRO | |
| Número Internacional Estándar del Libro | 9264056939 (br) |
| 035 ## - NÚMERO DE CONTROL DEL SISTEMA | |
| Número de control de sistema | (OCoLC)470608485 |
| 082 1# - NÚMERO DE LA CLASIFICACIÓN DECIMAL DEWEY | |
| Número de clasificación | 361 |
| Número de edición | 22 |
| 049 ## - FONDOS LOCALES (OCLC) | |
| Biblioteca depositaria | GRAL |
| 110 2# - ENTRADA PRINCIPAL--NOMBRE DE ENTIDAD CORPORATIVA | |
| Nombre de entidad corporativa o nombre de jurisdicción como elemento de entrada | Organisation de cooperation et de developpement economiques. |
| Relación | aut |
| 245 10 - MENCIÓN DEL TÍTULO | |
| Título | Panorama de la societe 2009 : |
| Resto del título | les indicateurs sociaux de l'OCDE / |
| Mención de responsabilidad, etc. | Organisation de cooperation et de dâeveloppement economiques. |
| 260 ## - PUBLICACIÓN, DISTRIBUCIÓN, ETC. | |
| Lugar de publicación, distribución, etc. | Paris : |
| Nombre del editor, distribuidor, etc. | Editions OCDE, |
| Fecha de publicación, distribución, etc. | cop. 2009. |
| 300 ## - DESCRIPCIÓN FÍSICA | |
| Extensión | 1 vol. (137 p.) : |
| Otras características físicas | ill. ; |
| Dimensiones | 27 cm. |
| 500 ## - NOTA GENERAL | |
| Nota general | Notes bibliogr. |
| 650 #7 - PUNTO DE ACCESO ADICIONAL DE MATERIA--TÉRMINO DE MATERIA | |
| Término de materia o nombre geográfico como elemento de entrada | Indicateurs sociaux |
| Subdivisión geográfica | Pays de l'OCDE. |
| Fuente del encabezamiento o término | ram |
| 856 42 - LOCALIZACIÓN Y ACCESO ELECTRÓNICOS | |
| Materiales especificados | Notice et cote du catalogue de la Bibliotháeque nationale de France |
| Identificador Uniforme de Recursos | <a href="http://catalogue.bnf.fr/ark:/12148/cb420161220">http://catalogue.bnf.fr/ark:/12148/cb420161220</a> |
| 886 1# - INFORMACIÓN DE CAMPO MARC FORÁNEO | |
| 2 | intermrc |
| a | 009 |
| b | aa-d-r-s----------- |
| 942 ## - ELEMENTOS DE ENTRADA SECUNDARIOS (KOHA) | |
| Fuente del sistema de clasificación o colocación | Clasificación de Library of Congress |
| Tipo de ítem Koha | |
| 994 ## - | |
| -- | C0 |
| -- | DRFGD |
| 946 ## - PROCESAMIENTO DE INFORMACIÓN LOCAL (OCLC) | |
| a | nc |
| Estatus retirado | Estado de pérdida | Fuente del sistema de clasificación o colocación | Estado de daño | No para préstamo | Colección | Biblioteca de origen | Biblioteca actual | Ubicación en estantería | Fecha de adquisición | Código de barras | Visto por última vez | Copia número | Tipo de ítem Koha |
|---|---|---|---|---|---|---|---|---|---|---|---|---|---|
| Clasificación de Library of Congress | Automatización y Procesos Técnicos | Biblioteca Juan Bosch | Biblioteca Juan Bosch | Automatización y Procesos Técnicos (1er. Piso) | 11/04/2023 | 00000085833 | 17/02/2019 | 1 |
